Elite women in Indian Politics (Record no. 31093)

MARC details
000 -LEADER
fixed length control field 00271nam a2200109Ia 4500
082 ## - DEWEY DECIMAL CLASSIFICATION NUMBER
Classification number 323:396(540)
Item number VIJ
100 ## - MAIN ENTRY--AUTHOR NAME
Personal name Vijay Agnew
245 #0 - TITLE STATEMENT
Title Elite women in Indian Politics
260 ## - PUBLICATION, DISTRIBUTION, ETC. (IMPRINT)
Place of publication Delhi
Name of publisher Vikas
Year of publication 1979
942 ## - ADDED ENTRY ELEMENTS (KOHA)
Koha item type Books
Holdings
Withdrawn status Lost status Damaged status Not for loan Home library Current library Date acquired Cost, normal purchase price Full call number Accession Number Koha item type
        RRII Library RRII Library 16/12/2021 50.00 323:396(540) VIJ 11648 Books